000 00505nam a2200193Ia 4500
008 240510s9999 xx 000 0 und d
020 _a0003540414290
041 _aEng
082 _a004.16
082 _bV14
100 _aValero, M.: Prasanna, V.K.: Vajapeyam,S.:
245 0 _aHigh Performance Computing : Lecture Notes in Computer Science : Proceedings
260 _bSpringer:
260 _c2000
300 _a568 p.
650 _aHigh Performance Computing
942 _2ddc
942 _cRBK
999 _c27400
_d27400
945 _a1
_bMadushi Gamage
_c1
_dMadushi Gamage